Kapesní francouzsko-český a česko-francouzský technický slovník
Na minha lista:
| Outros Autores: | |
|---|---|
| Formato: | Livro |
| Idioma: | eslovaco |
| Publicado em: |
Praha
Státní nakladatelství technické literatury
1964
|
| Edição: | 1. vyd. |
| Assuntos: | |
| Acesso em linha: | View in OPAC |
| Tags: |
Sem tags, seja o primeiro a adicionar uma tag!
|
MARC
| LEADER | 00000nam a2200000 a 4500 | ||
|---|---|---|---|
| 005 | 20260127134144.0 | ||
| 008 | 060510s1964 xo slo d | ||
| 020 | |c 33.50 | ||
| 035 | |a vtls008730690 | ||
| 035 | |a POKPOH25854 | ||
| 039 | 9 | |a 200809171136 |b mschk03 |y 200605291352 |z VLOAD | |
| 040 | |a POKPOH |b slo |c POKPOH |d STUSCHK1 | ||
| 041 | 0 | |a slo | |
| 245 | 1 | |a Kapesní francouzsko-český a česko-francouzský technický slovník |c Anna Naxerová | |
| 250 | |a 1. vyd. | ||
| 260 | |a Praha |b Státní nakladatelství technické literatury |c 1964 | ||
| 300 | |a 507 s. viaz. | ||
| 650 | 0 | 7 | |a francúzština |2 POKPOH |
| 655 | 7 | |a encyklopédie |2 POKPOH | |
| 655 | 7 | |a dvojjazyčné slovníky |2 POKPOH | |
| 700 | 1 | |a Naxerová, Anna |4 com | |
| 910 | |a pokpoh | ||
| 910 | |a SCHK95 | ||
| 999 | |c 5365 |d 5365 | ||